02892nam a2200553 a 4500008004100000020001800041041000800059100001700067245008000084250001100164260004900175300002200224500016700246653006400413653006100477653003900538653004000577653003300617653010100650653003000751653005000781653007000831653006900901653009200970653003901062653003401101653003301135653005001168653005601218653003001274653003801304653004101342653005801383653005401441653006101495653006801556653006501624653006101689653006201750653006401812653007701876653007901953653007702032653007002109653003402179653008502213700002202298700001802320110704t2015 sp a . f |||| 001 0 spa d a9789871639380 aspa1 aPekolj, Juan aComplicaciones de la cirugía abdominal.bCómo manejarlas /cJuan Pekolj a1a ed. aBuenos Aires:bdelhospital ediciones;c2015. a688 p.c22x16 cm. aPekolj, J., Ardiles, V. y Hyon, S. H. (Col.). (2015). Complicaciones de la cirugía abdominal. Cómo manejarlas. (1a ed.). Buenos Aires : delhospital ediciones. aImportancia de las complicaciones en la cirugía abdominal aResultados negativos de los procedimientos quirúrgicos aPrevención de las complicaciones aValor del ateneo de morbimortalidad aEvaluación prequirúrgica aCuidados intensivos en la prevención y tratamiento de las complicaciones de la cirugía mayor aAspectos infectológicos aSoporte nutricional del paciente quirúrgico aAspectos anestesiológicos en las reintervenciones quirúrgicas aEnfermedad tromboembolítica venosa en el paciente quirúrgico aValor de los métodos por imágenes en el manejo de las complicaciones posoperatorias aInfección del sitio quirúrgico aComplicaciones hemorrágicas aDehiscencias anastomóticas aFístulas digestivas externas posoperatorias aTrastornos posoperatorios del tránsito intestinal aComplicaciones vasculares aSindrome compartimental abdominal aComplicaciones de la pared abdominal aComplicaciones más frecuentes en cirugia gástrica aComplicaciones más frecuentes en cirugia biliar aComplicaciones más frecuentes en cirugia pancreática aComplicaciones más frecuentes de la resección pancreática aComplicaciones más frecuentes de la resección hepática aComplicaciones en la cirugía colorrectal y apendicular aComplicaciones más frecuentes de la cirugia esplénica aComplicaciones más frecuentes de la cirugía suprarrenal aResolución de accidentes intraoperatorios en cirugía laparoscópica aPapel de la laparoscopia en el manejo de las complicaciones posoperatorias aPapel de la endoscopia en el manejo de las complicaciones posoperatorias aProcedimientos percutáneos en las complicaciones posoperatorias aProcedimientos endovasculares aPapel de la cirugía abierta en el manejo de las complicaciones perioperatorias1 aArdiles, Victoria1 aHyon, Sung Ho